Strach ze svobody /

Saved in:
Bibliographic Details
Main Author: Fromm, Erich (Author)
Format: Book
Language:Czech
Published: Praha : Naše vojsko, 1993
Edition:1.vyd.
Subjects:
Tags: Add Tag
No Tags, Be the first to tag this record!

MARC

LEADER 00000nam a22000003a 4500
001 stu4530
005 20150617225810.6
008 930831s1993----xr------------------cze-d
020 |a 80-206-0290-9 
040 |a STU  |b slo 
041 0 |a cze 
044 |a xr 
080 |a 301.16  |7 stu_us_auth*stu8203 
080 |a 141.5 
100 1 |a Fromm, Erich  |4 aut 
245 1 |a Strach ze svobody /  |c [aut.] Fromm,Erich 
250 |a 1.vyd. 
260 |a Praha :  |b Naše vojsko,  |c 1993 
300 |a 158 s 
650 7 |a filozofia slobody  |2 stusub 
650 7 |a sociológia  |2 stusub 
650 7 |a spoločenské vzťahy  |2 stusub 
996 |b E78246  |c R*78246  |l RRUM  |s A  |a 24  |w stu4530_0001